<?xml version="1.0" encoding="UTF-8"?><?xml-stylesheet type="text/xsl" href="static/style.xsl"?><OAI-PMH xmlns="http://www.openarchives.org/OAI/2.0/" xmlns:xsi="http://www.w3.org/2001/XMLSchema-instance" xsi:schemaLocation="http://www.openarchives.org/OAI/2.0/ http://www.openarchives.org/OAI/2.0/OAI-PMH.xsd"><responseDate>2026-04-17T06:34:45Z</responseDate><request verb="GetRecord" identifier="oai:www.recercat.cat:10459.1/464766" metadataPrefix="marc">https://recercat.cat/oai/request</request><GetRecord><record><header><identifier>oai:recercat.cat:10459.1/464766</identifier><datestamp>2026-03-09T19:21:40Z</datestamp><setSpec>com_2072_3622</setSpec><setSpec>col_2072_479130</setSpec></header><metadata><record xmlns="http://www.loc.gov/MARC21/slim" xmlns:dcterms="http://purl.org/dc/terms/" xmlns:xsi="http://www.w3.org/2001/XMLSchema-instance" xmlns:doc="http://www.lyncode.com/xoai" xsi:schemaLocation="http://www.loc.gov/MARC21/slim http://www.loc.gov/standards/marcxml/schema/MARC21slim.xsd">
   <leader>00925njm 22002777a 4500</leader>
   <datafield ind2=" " ind1=" " tag="042">
      <subfield code="a">dc</subfield>
   </datafield>
   <datafield ind2=" " ind1=" " tag="720">
      <subfield code="a">Vraciu, Alexandra</subfield>
      <subfield code="e">author</subfield>
   </datafield>
   <datafield ind2=" " ind1=" " tag="720">
      <subfield code="a">Marsol Jornet, Anna</subfield>
      <subfield code="e">author</subfield>
   </datafield>
   <datafield ind2=" " ind1=" " tag="260">
      <subfield code="c">2023-04-27</subfield>
   </datafield>
   <datafield ind2=" " ind1=" " tag="520">
      <subfield code="a">The present study seeks to explore the effects of participating in a content and language integrated learning (CLIL) programme in terms of second language (L2) content-specific vocabulary learning in a primary education school. CLIL instruction has been found to benefit the development of English L2 vocabulary, more receptive than productive. Nonetheless, little is known on content-specific vocabulary learning in CLIL and how it is supported through classroom input with young learners. We explore the impact of a 4-week CLIL programme implemented in a Catalan primary education school with a group of 16 Catalan/Spanish first language (L1) children, aged 10–11 years. Vocabulary learning was measured by means of ad hoc tests, designed on the basis of the input from the CLIL materials and targeting vocabulary depth and breadth. The results indicate that CLIL instruction positively impacted children’s depth and breadth of content-specific vocabulary knowledge. More specifically, the children experienced a significant improvement both in their receptive and productive knowledge of word meaning and form with regard to content-specific lexis. Moreover, with regard to children’s productive vocabulary knowledge as elicited through a written content task, statistical improvement was found in terms of lexical diversity and sophistication, but not lexical density. We argue for the need to use input profiled assessment instruments to appraise L2 vocabulary gains in CLIL.</subfield>
   </datafield>
   <datafield tag="653" ind2=" " ind1=" ">
      <subfield code="a">Content and language integrated learning (CLIL)</subfield>
   </datafield>
   <datafield tag="653" ind2=" " ind1=" ">
      <subfield code="a">EFL</subfield>
   </datafield>
   <datafield tag="653" ind2=" " ind1=" ">
      <subfield code="a">Primary education</subfield>
   </datafield>
   <datafield tag="653" ind2=" " ind1=" ">
      <subfield code="a">Vocabulary learning</subfield>
   </datafield>
   <datafield tag="653" ind2=" " ind1=" ">
      <subfield code="a">Young learners</subfield>
   </datafield>
   <datafield ind2="0" ind1="0" tag="245">
      <subfield code="a">Content-specific vocabulary in CLIL: Exploring L2 learning outcomes in a primary education programme in Catalonia</subfield>
   </datafield>
</record></metadata></record></GetRecord></OAI-PMH>